[Event "Velka cena Tabora"]
[Site "?"]
[Date "2018.07.31"]
[Round "4.44"]
[White "Rolinkova, Lucie"]
[Black "Ruta, Vit"]
[Result "1-0"]
[WhiteElo "1540"]
[BlackElo "1384"]
[PlyCount "83"]
[EventDate "2018.??.??"]

1. e4 e5 2. Nf3 Nc6 3. Bc4 Bc5 4. Nc3 d6 5. d3 Bg4 6. h3 Bh5 7. g4 Bg6 8. Nd5
Na5 9. b4 Nxc4 10. bxc5 Na5 11. cxd6 Qxd6 12. Rb1 c6 13. Ne3 b6 14. Qd2 Ne7 15.
O-O O-O 16. Qc3 f6 17. Nh4 Qd4 18. Qe1 Nb7 19. Ba3 Rfe8 20. Bxe7 Rxe7 21. Nhf5
Qd7 22. Nxe7+ Qxe7 23. Qc3 Qd7 24. f4 exf4 25. Rxf4 h5 26. Nf5 Nd6 27. Qd4 Rd8
28. Nxd6 Qxd6 29. Qxd6 Rxd6 30. Rbf1 hxg4 31. hxg4 Rd4 32. Kg2 Ra4 33. Ra1 Kf7
34. g5 Ke6 35. gxf6 gxf6 36. Raf1 Be8 37. Rxf6+ Ke5 38. R1f5+ Kd4 39. Rf8 Bg6
40. Rg5 Bxe4+ 41. dxe4 Rxa2 42. e5 1-0

[Event "Velka cena Tabora"]
[Site "?"]
[Date "2018.07.31"]
[Round "4.45"]
[White "Dofek, Tomas"]
[Black "Vojta, Ladislav"]
[Result "1/2-1/2"]
[WhiteElo "1158"]
[BlackElo "1468"]
[PlyCount "80"]
[EventDate "2018.??.??"]

1. e4 a6 2. Nf3 b5 3. Nc3 Bb7 4. d3 e6 5. Be2 Nf6 6. O-O Be7 7. Bg5 O-O 8. Qd2
d6 9. e5 Nd5 10. Bxe7 Qxe7 11. Nxd5 Bxd5 12. exd6 cxd6 13. c3 Nd7 14. d4 h6 15.
Rfe1 Nf6 16. Qf4 Rac8 17. Bd3 Bc4 18. Qe3 Nd5 19. Qd2 Bxd3 20. Qxd3 Qf6 21. Nd2
Nf4 22. Qf3 Nd5 23. Qg3 Qf4 24. Qd3 Nf6 25. h3 d5 26. Re3 Qd6 27. Rf1 Nh5 28.
Qe2 Nf4 29. Qf3 f6 30. Rfe1 Rce8 31. Nf1 e5 32. dxe5 fxe5 33. Qd1 e4 34. Qd4
Rf5 35. Ng3 Qg6 36. b3 Rfe5 37. Qd2 Qg5 38. Kf1 Nd3 39. R1e2 Nf4 40. Re1 Nd3
1/2-1/2

[Event "Velka cena Tabora"]
[Site "?"]
[Date "2018.07.31"]
[Round "4.46"]
[White "Prochazka, Pavel"]
[Black "Stastna, Martina"]
[Result "1/2-1/2"]
[WhiteElo "1711"]
[BlackElo "1531"]
[PlyCount "104"]
[EventDate "2018.??.??"]

1. e4 e5 2. Nf3 Nf6 3. Nc3 Nc6 4. Bc4 Bc5 5. O-O d6 6. h3 Be6 7. Bb5 O-O 8. Re1
Nd4 9. Bf1 Nd7 10. Na4 Nxf3+ 11. Qxf3 f5 12. Nxc5 Nxc5 13. exf5 Rxf5 14. Qe3
Qf6 15. b4 Nd7 16. d3 Rf8 17. Re2 e4 18. d4 Nb6 19. c3 Bc4 20. Rc2 Bxf1 21.
Kxf1 Nd5 22. Qg3 c5 23. bxc5 dxc5 24. Be3 Qa6+ 25. Kg1 Qd3 26. Rac1 Nxe3 27.
Qxe3 Qxe3 28. fxe3 c4 29. Rb1 b5 30. Rcb2 a6 31. a4 Rb8 32. Rb4 Kf7 33. Rxc4
Ke6 34. Rc7 Rf7 35. Rc6+ Kd5 36. Rxa6 Rc7 37. Rxb5+ Rxb5 38. axb5 Rxc3 39. Kf2
Rc2+ 40. Kg3 Re2 41. Kf4 Rxg2 42. Ra7 Rf2+ 43. Kg5 Rg2+ 44. Kh4 Re2 45. Rxg7
Rxe3 46. b6 Kxd4 47. Rxh7 Rb3 48. b7 e3 49. Kg3 Ke4 50. Kg4 Ke5 51. Kg5 Ke6 52.
Rh8 Rxb7 1/2-1/2

[Event "Velka cena Tabora"]
[Site "?"]
[Date "2018.07.31"]
[Round "4.46"]
[White "Novak, Rudolf"]
[Black "Handlovsky, Jachym"]
[Result "1-0"]
[WhiteElo "1584"]
[BlackElo "1225"]
[PlyCount "49"]
[EventDate "2018.??.??"]

1. e4 e5 2. Nf3 Nc6 3. Bb5 a6 4. Ba4 d6 5. h3 Nf6 6. d3 Be6 7. O-O Be7 8. Ng5
O-O 9. Nxe6 fxe6 10. Bg5 b5 11. Bb3 Nd4 12. c3 Nxb3 13. Qxb3 Qd7 14. Nd2 h6 15.
Bxf6 Rxf6 16. a4 Qe8 17. axb5 axb5 18. Rxa8 Qxa8 19. Qxb5 c6 20. Qb3 Qe8 21.
Qb7 Kf8 22. Ra1 Qh5 23. Ra7 Qe2 24. Qxe7+ Kg8 25. Qxg7# 1-0

[Event "Velka cena Tabora"]
[Site "?"]
[Date "2018.07.31"]
[Round "4.48"]
[White "Vojtek, Pavel"]
[Black "Sindelka, Vladimir"]
[Result "1-0"]
[WhiteElo "1212"]
[BlackElo "1489"]
[PlyCount "85"]
[EventDate "2018.??.??"]

1. e4 e6 2. d4 c6 3. Nf3 d5 4. e5 h6 5. Be3 b6 6. Bd3 Ba6 7. O-O Bxd3 8. Qxd3
Ne7 9. Nbd2 Nf5 10. Rfd1 Qd7 11. c3 a5 12. a3 Nxe3 13. Qxe3 c5 14. Rab1 cxd4
15. cxd4 Nc6 16. Rdc1 Rc8 17. Qc3 Be7 18. h3 O-O 19. Qb3 Rb8 20. Qb5 Nxe5 21.
Qxd7 Nxd7 22. Rc7 Rfd8 23. Ne5 Nxe5 24. dxe5 Bc5 25. b4 axb4 26. axb4 Bf8 27.
b5 g5 28. Kh2 Bg7 29. Nf3 d4 30. Kg3 Rd5 31. Rc4 d3 32. Re4 Bxe5+ 33. Rxe5 Rc5
34. Rxc5 bxc5 35. Nd2 f5 36. f4 Rd8 37. b6 Rb8 38. b7 h5 39. fxg5 e5 40. Kf3
Kg7 41. Ke3 e4 42. Rb6 h4 43. Nc4 1-0

[Event "Velka cena Tabora"]
[Site "?"]
[Date "2018.07.31"]
[Round "4.49"]
[White "Vanek, Frantisek"]
[Black "Postl, Frantisek"]
[Result "1-0"]
[WhiteElo "1421"]
[BlackElo "1000"]
[PlyCount "49"]
[EventDate "2018.??.??"]

1. Nf3 Nf6 2. c4 c5 3. g3 d5 4. e3 Bg4 5. Bg2 e5 6. Qa4+ Qd7 7. Qb3 d4 8. Nxe5
Qe6 9. Nxg4 Qxg4 10. Bxb7 Bd6 11. Bxa8 O-O 12. O-O Nbd7 13. Bg2 g6 14. d3 Qh5
15. Qd1 Ng4 16. h3 Bxg3 17. fxg3 Nxe3 18. Qxh5 gxh5 19. Re1 Re8 20. Be4 h4 21.
Rxe3 hxg3 22. Bxh7+ Kxh7 23. Rxe8 Nf6 24. Re7 Kg7 25. Nd2 1-0

[Event "Velka cena Tabora"]
[Site "?"]
[Date "2018.07.31"]
[Round "4.50"]
[White "Havelka, Stanislav"]
[Black "Veverkova, Dorota"]
[Result "1-0"]
[WhiteElo "1000"]
[BlackElo "1277"]
[PlyCount "59"]
[EventDate "2018.??.??"]

1. d4 d5 2. Nf3 Nf6 3. g3 Bf5 4. Bg2 e6 5. O-O Be7 6. Bf4 O-O 7. Nbd2 Nbd7 8.
c4 c5 9. Rc1 Rc8 10. a3 Nb6 11. Re1 Bg6 12. cxd5 exd5 13. dxc5 Bxc5 14. b4 Bd6
15. Bxd6 Qxd6 16. Nb3 Rfd8 17. Nc5 Qe7 18. Nd4 Ne4 19. Ndb3 Qf6 20. Qd4 Qxd4
21. Nxd4 Nxc5 22. bxc5 Na4 23. c6 bxc6 24. Nxc6 Rd7 25. Ne7+ Kf8 26. Nxg6+ fxg6
27. Rxc8+ Ke7 28. Rec1 Kd6 29. R1c6+ Ke5 30. R8c7 1-0

[Event "Velka cena Tabora"]
[Site "?"]
[Date "2018.08.01"]
[Round "5.41"]
[White "Zimovcak, Zdenek"]
[Black "Vojtek, Pavel"]
[Result "1-0"]
[WhiteElo "1609"]
[BlackElo "1212"]
[PlyCount "97"]
[EventDate "2018.??.??"]

1. e4 e6 2. d4 d5 3. exd5 exd5 4. Nf3 Nf6 5. Be2 Bg4 6. O-O Be7 7. h3 Bh5 8.
Nc3 O-O 9. a3 Nc6 10. Bf4 h6 11. g4 Bg6 12. Ne5 Bd6 13. Nxc6 bxc6 14. Bxd6 Qxd6
15. Bd3 Bxd3 16. Qxd3 Rab8 17. b4 Rb6 18. Na4 Rb5 19. c3 a5 20. Nc5 axb4 21.
cxb4 Nd7 22. Nxd7 Qxd7 23. Rfc1 Ra8 24. Qc3 Ra6 25. Rc2 f5 26. f3 fxg4 27. fxg4
Qd6 28. Rf1 Qg6 29. Rcf2 Rb8 30. Re1 Rba8 31. Ra1 h5 32. Rg2 hxg4 33. Rxg4 Qd6
34. Kg2 Qe6 35. Qd3 Qd6 36. Rh4 Qe7 37. Qh7+ Kf8 38. Rf1+ Ke8 39. Qg6+ Kd8 40.
Rh8+ Kd7 41. Rf7 Rxh8 42. Rxe7+ Kxe7 43. Qxg7+ Kd6 44. Qxh8 Rxa3 45. Qd8+ Ke6
46. Qxc7 Ra2+ 47. Kf3 Ra3+ 48. Kg4 Rc3 49. h4 1-0

[Event "Velka cena Tabora"]
[Site "?"]
[Date "2018.08.01"]
[Round "5.42"]
[White "Petr, Josef"]
[Black "Dofek, Tomas"]
[Result "1-0"]
[WhiteElo "1608"]
[BlackElo "1158"]
[PlyCount "127"]
[EventDate "2018.??.??"]

1. Nf3 Nf6 2. d4 d5 3. c4 e6 4. Nc3 Nbd7 5. Bg5 Be7 6. cxd5 exd5 7. e3 b6 8.
Bb5 O-O 9. Bc6 Rb8 10. Qb3 Bb7 11. Bxb7 Rxb7 12. Nxd5 h6 13. Nxe7+ Qxe7 14. Bh4
Qd6 15. Bg3 Qe7 16. O-O c5 17. Rfd1 cxd4 18. Rxd4 Nc5 19. Qd1 Qe6 20. h3 Nfe4
21. Bd6 Nxd6 22. Rxd6 Qe7 23. Rd5 Re8 24. Qe2 Rd8 25. Rxd8+ Qxd8 26. Rd1 Rd7
27. Rxd7 Qxd7 28. Nd4 Qd5 29. b3 Qe4 30. Qc2 Qd5 31. Qf5 Qb7 32. Qg4 Qe7 33.
Kf1 Qd6 34. Kg1 Qe5 35. Qc8+ Kh7 36. Qf5+ Qxf5 37. Nxf5 Kg6 38. Nd4 Nd7 39. Kf1
Kf6 40. Ke2 a5 41. f3 Ke5 42. Kd3 g6 43. f4+ Kf6 44. e4 Ke7 45. g4 f6 46. Nf3
Nc5+ 47. Ke3 Ne6 48. Nh4 g5 49. Ng2 Ng7 50. Kd4 Kd6 51. fxg5 hxg5 52. Kc4 Kc6
53. a4 Ne6 54. Ne3 Nf4 55. Nd5 Nxh3 56. Nxf6 Nf2 57. e5 Kc7 58. Kd5 Kd8 59. Kd6
Nd3 60. e6 Nc5 61. e7+ Kc8 62. e8=Q+ Kb7 63. Qc6+ Kb8 64. Nd7+ 1-0

[Event "Velka cena Tabora"]
[Site "?"]
[Date "2018.08.01"]
[Round "5.43"]
[White "Zilava, Anezka"]
[Black "Novak, Rudolf"]
[Result "1/2-1/2"]
[WhiteElo "1322"]
[BlackElo "1584"]
[PlyCount "59"]
[EventDate "2018.??.??"]

1. e4 c5 2. Nf3 d6 3. Nc3 e6 4. d4 cxd4 5. Qxd4 Nc6 6. Bb5 Bd7 7. Bxc6 Bxc6 8.
Bg5 f6 9. Be3 Ne7 10. O-O-O Nc8 11. e5 Bxf3 12. gxf3 fxe5 13. Qg4 Qf6 14. Qa4+
Kf7 15. Ne4 Qd8 16. Ng5+ Ke7 17. Nxh7 Qd7 18. Qh4+ Ke8 19. Nf6+ gxf6 20. Qxh8
Qg7 21. Qh5+ Qf7 22. Qxf7+ Kxf7 23. Rhg1 d5 24. c3 Nd6 25. Bc5 Bh6+ 26. Kc2 Nf5
27. Rg4 b6 28. Ba3 Bg5 29. b3 Rh8 30. Ra4 1/2-1/2

[Event "Velka cena Tabora"]
[Site "?"]
[Date "2018.08.01"]
[Round "5.44"]
[White "Kukacka, Ladislav"]
[Black "Rolinkova, Adela"]
[Result "0-1"]
[WhiteElo "1549"]
[BlackElo "1129"]
[PlyCount "58"]
[EventDate "2018.??.??"]

1. e4 d6 2. d4 Nf6 3. Nc3 g6 4. Nf3 Bg7 5. Be2 O-O 6. O-O Bg4 7. h3 Bxf3 8.
Bxf3 c6 9. Be3 Nbd7 10. Qd2 Qb6 11. d5 c5 12. b4 Qxb4 13. Rab1 Qa5 14. Rxb7
Rab8 15. Rfb1 Rxb7 16. Rxb7 Rb8 17. Rxb8+ Nxb8 18. Qd3 Nbd7 19. Be2 Ne5 20. Qa6
Qxc3 21. Qc8+ Bf8 22. Bh6 Ned7 23. Bb5 Qe1+ 24. Kh2 Qxf2 25. Bxd7 Nxd7 26. Kh1
Qh4 27. Qxd7 Bxh6 28. Qxa7 Qe1+ 29. Kh2 Bf4+ 0-1

[Event "Velka cena Tabora"]
[Site "?"]
[Date "2018.08.01"]
[Round "5.45"]
[White "Stastna, Martina"]
[Black "Tipplova, Adela"]
[Result "1-0"]
[WhiteElo "1531"]
[BlackElo "1117"]
[PlyCount "91"]
[EventDate "2018.??.??"]

1. e4 e6 2. d4 d5 3. exd5 exd5 4. Bd3 Nf6 5. Bg5 Nc6 6. Ne2 Bd6 7. Nbc3 Be6 8.
Nb5 a6 9. Nxd6+ Qxd6 10. Bf4 Qe7 11. c3 O-O 12. O-O Qd7 13. Ng3 Ne7 14. Bc2 Ng6
15. Bg5 Ne8 16. Qd3 Nd6 17. h4 Nf5 18. Nxf5 Bxf5 19. Qxf5 Qxf5 20. Bxf5 h6 21.
Bxg6 hxg5 22. Bd3 gxh4 23. Kh2 Rfe8 24. Rae1 g5 25. Kh3 f6 26. Bg6 Rf8 27. Re7
f5 28. Rfe1 Rac8 29. Rd7 Rcd8 30. Rxc7 Rf6 31. Bh5 Rh6 32. Bf7+ Kf8 33. Rxb7
g4+ 34. Kh2 g3+ 35. fxg3 hxg3+ 36. Kg1 f4 37. Re5 Rf6 38. Bxd5 Rdd6 39. Rh5 Rh6
40. Rxh6 Rxh6 41. Rf7+ Ke8 42. Rxf4 Rd6 43. c4 Rb6 44. b3 a5 45. c5 a4 46. cxb6
1-0

[Event "Velka cena Tabora"]
[Site "?"]
[Date "2018.08.01"]
[Round "5.46"]
[White "Havelkova, Beata"]
[Black "Kral, Ladislav"]
[Result "1-0"]
[WhiteElo "1100"]
[BlackElo "1500"]
[PlyCount "87"]
[EventDate "2018.??.??"]

1. e4 e6 2. d4 d5 3. Nd2 Nf6 4. e5 Nfd7 5. Bd3 c5 6. c3 Nc6 7. Ne2 cxd4 8. cxd4
f6 9. exf6 Nxf6 10. Nf3 Bd6 11. Bf4 Bxf4 12. Nxf4 O-O 13. O-O Qd6 14. g3 e5 15.
dxe5 Nxe5 16. Nxe5 Qxe5 17. Re1 Qd6 18. Qb3 Bd7 19. Rad1 Kh8 20. Bf1 Bc6 21.
Bg2 Qc5 22. Ne6 Qd6 23. Nxf8 Rxf8 24. Rd3 Qc5 25. Qa3 Qxa3 26. Rxa3 a6 27. Ra5
Kg8 28. f4 Kf7 29. Kf2 h6 30. Bf3 Re8 31. Rxe8 Kxe8 32. Ke3 Ke7 33. Kd4 Kd6 34.
b4 Bb5 35. a4 b6 36. axb5 bxa5 37. bxa6 Kc7 38. Bxd5 Nxd5 39. Kxd5 axb4 40. Kc4
b3 41. Kxb3 Kb6 42. Kc4 Kxa6 43. Kd5 Kb6 44. Ke6 1-0

[Event "Velka cena Tabora"]
[Site "?"]
[Date "2018.08.01"]
[Round "5.47"]
[White "Vojta, Ladislav"]
[Black "Havelka, Stanislav"]
[Result "0-1"]
[WhiteElo "1468"]
[BlackElo "1000"]
[PlyCount "94"]
[EventDate "2018.??.??"]

1. b4 e5 2. Bb2 Bxb4 3. Bxe5 Nf6 4. Nf3 O-O 5. e3 d6 6. Bc3 Nc6 7. Bxb4 Nxb4 8.
Nc3 Bf5 9. d3 Re8 10. Be2 c6 11. O-O Bg6 12. Rb1 a5 13. a3 Nbd5 14. Nxd5 Nxd5
15. Qd2 b6 16. c4 Nf6 17. Nh4 Rb8 18. Nxg6 hxg6 19. Bf3 d5 20. cxd5 Nxd5 21. d4
Qd6 22. Bxd5 Qxd5 23. Rb2 Rec8 24. h3 c5 25. dxc5 Qxd2 26. Rxd2 Rxc5 27. a4 b5
28. axb5 Rcxb5 29. Ra2 Kf8 30. Kh2 Ra8 31. Rfa1 Ke7 32. Ra4 Kd6 33. Kg3 Ra7 34.
f3 Kc6 35. Kf4 Kb6 36. e4 Rb4 37. Rxb4+ axb4 38. Rxa7 Kxa7 39. Ke3 Kb6 40. Kd3
Kc5 41. g4 g5 42. Kc2 Kd4 43. Kb3 Ke3 44. e5 Kxf3 45. Kxb4 Ke4 46. e6 fxe6 47.
Kc4 e5 0-1

[Event "Velka cena Tabora"]
[Site "?"]
[Date "2018.08.01"]
[Round "5.48"]
[White "Ruta, Vit"]
[Black "Prochazka, Pavel"]
[Result "0-1"]
[WhiteElo "1384"]
[BlackElo "1711"]
[PlyCount "44"]
[EventDate "2018.??.??"]

1. e4 e5 2. Nf3 Nc6 3. Bc4 Nf6 4. Ng5 Bc5 5. Bxf7+ Ke7 6. Bb3 Rf8 7. f3 d6 8.
d3 Qe8 9. Nc3 Qg6 10. Nd5+ Nxd5 11. exd5 Nd4 12. Ne6 Bxe6 13. dxe6 Qxg2 14. Rf1
Nxf3+ 15. Rxf3 Rxf3 16. Bg5+ Ke8 17. Qe2 Rf2 18. Qh5+ g6 19. O-O-O gxh5 20. Bd2
Rxd2 21. Rxd2 Be3 22. Kd1 Qf1# 0-1

[Event "Velka cena Tabora"]
[Site "?"]
[Date "2018.08.01"]
[Round "5.49"]
[White "Sindelka, Vladimir"]
[Black "Handlovsky, Jachym"]
[Result "1-0"]
[WhiteElo "1489"]
[BlackElo "1225"]
[PlyCount "75"]
[EventDate "2018.??.??"]

1. e4 e5 2. Nc3 Nf6 3. f4 d6 4. fxe5 dxe5 5. Nf3 Nc6 6. Bb5 Bd7 7. d3 Bc5 8.
Bg5 h6 9. Bh4 g5 10. Bg3 Qe7 11. Bxc6 bxc6 12. Bxe5 g4 13. d4 gxf3 14. Qxf3 Nh7
15. Bxh8 Ng5 16. Qf6 Qxf6 17. Bxf6 Bb4 18. Bxg5 hxg5 19. O-O Bxc3 20. bxc3 Ke7
21. Rae1 Rb8 22. Rb1 Rf8 23. Rb7 f5 24. Rxc7 f4 25. h3 Rb8 26. Rxa7 Rb2 27. Rf2
Rb1+ 28. Kh2 Kd8 29. Ra8+ Kc7 30. Rg8 Rb2 31. Rxg5 Rxa2 32. c4 Kb6 33. Rg7 Bc8
34. c5+ Kb5 35. Rf7 Kc4 36. Rc7 Ba6 37. Rxc6 Bb5 38. Rf6 1-0

[Event "Velka cena Tabora"]
[Site "?"]
[Date "2018.08.01"]
[Round "5.50"]
[White "Veverkova, Dorota"]
[Black "Postl, Frantisek"]
[Result "1-0"]
[WhiteElo "1277"]
[BlackElo "1000"]
[PlyCount "61"]
[EventDate "2018.??.??"]

1. e4 c6 2. d4 d5 3. Nc3 Nf6 4. exd5 cxd5 5. Nf3 Bg4 6. h3 Bh5 7. Bf4 Nc6 8.
Bb5 a6 9. Ba4 b5 10. Bb3 e6 11. a3 Qb6 12. O-O Nxd4 13. Qxd4 Qxd4 14. Nxd4 Nd7
15. Rfe1 Bc5 16. Nc6 Rc8 17. Ne5 Bd6 18. Nxd7 Bxf4 19. Ne5 O-O 20. g4 f6 21.
Nd3 Bg6 22. Nxf4 f5 23. Nxg6 hxg6 24. Rxe6 Kf7 25. Rxa6 fxg4 26. hxg4 Rh8 27.
Bxd5+ Kf8 28. Re1 Rd8 29. Rxg6 Rh6 30. Rg5 Rh4 31. Rf5# 1-0

[Event "Velka cena Tabora"]
[Site "?"]
[Date "2018.08.02"]
[Round "6.41"]
[White "Zilava, Anezka"]
[Black "Prochazka, Pavel"]
[Result "0-1"]
[WhiteElo "1322"]
[BlackElo "1711"]
[PlyCount "52"]
[EventDate "2018.??.??"]

1. e4 e5 2. Nf3 Nc6 3. Bc4 Nf6 4. d3 Bc5 5. Nc3 h6 6. Be3 Bb4 7. Qd2 d6 8. h3
Qe7 9. a3 Ba5 10. b4 Bb6 11. d4 exd4 12. Nxd4 Nxe4 13. Nxc6 bxc6 14. Nxe4 Qxe4
15. Bf1 O-O 16. O-O-O Bxe3 17. Qxe3 Qxe3+ 18. fxe3 f5 19. Bc4+ d5 20. Bd3 Be6
21. Rhf1 a5 22. g4 fxg4 23. Rxf8+ Kxf8 24. Rf1+ Ke7 25. hxg4 axb4 26. Kb1 Rxa3
0-1

[Event "Velka cena Tabora"]
[Site "?"]
[Date "2018.08.02"]
[Round "6.42"]
[White "Svec, Viteslav"]
[Black "Chval, Zdenek"]
[Result "1-0"]
[WhiteElo "1632"]
[BlackElo "1360"]
[PlyCount "100"]
[EventDate "2018.??.??"]

1. d4 d5 2. Bf4 Bf5 3. c4 e6 4. Qb3 b6 5. cxd5 exd5 6. e3 Nf6 7. Nf3 Bd6 8. Ne5
Bxe5 9. Bxe5 Be6 10. Nc3 c6 11. Qa3 Nbd7 12. Bd6 a5 13. Na4 Ne4 14. Bd3 Ndf6
15. Be5 b5 16. Nc5 b4 17. Qa4 Nxc5 18. dxc5 O-O 19. Bd6 Re8 20. Qxc6 Bd7 21.
Qc7 Qxc7 22. Bxc7 Re6 23. Bd6 Ne8 24. Bg3 d4 25. e4 Rc8 26. Rc1 Nf6 27. f3 Rec6
28. Kd2 Be6 29. Bc4 Bxc4 30. Rxc4 Rxc5 31. Rxc5 Rxc5 32. Rc1 Rxc1 33. Kxc1 Nd7
34. Kd2 Kf8 35. Kd3 Ke7 36. Kxd4 Ke6 37. Kc4 Ne5+ 38. Bxe5 Kxe5 39. Kb5 Kf4 40.
Kxa5 Ke3 41. Kxb4 Kf2 42. a4 Kxg2 43. a5 Kxh2 44. a6 Kg3 45. a7 h5 46. a8=Q h4
47. Qb8+ Kg2 48. Qf4 h3 49. Qg4+ Kh2 50. Kc4 g6 1-0

[Event "Velka cena Tabora"]
[Site "?"]
[Date "2018.08.02"]
[Round "6.43"]
[White "Hanzl, Tadeas"]
[Black "Kratochvil, Milos"]
[Result "1-0"]
[WhiteElo "1614"]
[BlackElo "1000"]
[PlyCount "55"]
[EventDate "2018.??.??"]

1. e4 e5 2. Nf3 Nc6 3. d4 Nxd4 4. Nxd4 exd4 5. Qxd4 d6 6. Bc4 Be6 7. Be3 Nf6 8.
Nc3 Be7 9. O-O O-O 10. f3 c5 11. Qd3 Nd7 12. Bf4 Bxc4 13. Qxc4 Ne5 14. Bxe5
dxe5 15. Rad1 Qc7 16. Nd5 Qd6 17. Rd3 Qe6 18. Rfd1 b6 19. Qa6 Bd6 20. b3 f5 21.
Qc4 Rf7 22. exf5 Qxf5 23. Ne3 Qg5 24. h4 Qh6 25. Ng4 Qxh4 26. Rxd6 Raf8 27.
Nf6+ gxf6 28. Qxh4 1-0

[Event "Velka cena Tabora"]
[Site "?"]
[Date "2018.08.02"]
[Round "6.44"]
[White "Novak, Rudolf"]
[Black "Porazil, Jan Frantisek"]
[Result "1/2-1/2"]
[WhiteElo "1584"]
[BlackElo "1334"]
[PlyCount "50"]
[EventDate "2018.??.??"]

1. e4 e5 2. Nf3 Nc6 3. Bc4 Bc5 4. O-O Nf6 5. d3 d6 6. h3 Be6 7. Bb3 O-O 8. Nc3
Ne7 9. d4 exd4 10. Nxd4 Bxb3 11. Nxb3 Bb6 12. Bg5 Ng6 13. Nd5 Re8 14. Nd2 c6
15. Nxf6+ gxf6 16. Be3 Re5 17. Bxb6 axb6 18. f4 Rb5 19. b3 d5 20. Qg4 Kf8 21.
c4 dxc4 22. Nxc4 Qe7 23. e5 fxe5 24. f5 Nf4 25. Rfd1 f6 1/2-1/2

[Event "Velka cena Tabora"]
[Site "?"]
[Date "2018.08.02"]
[Round "6.45"]
[White "Vanek, Frantisek"]
[Black "Kukacka, Ladislav"]
[Result "0-1"]
[WhiteElo "1421"]
[BlackElo "1549"]
[PlyCount "58"]
[EventDate "2018.??.??"]

1. Nc3 d5 2. e4 d4 3. Nce2 e5 4. c3 d3 5. Ng3 b5 6. Qf3 c5 7. Bxd3 c4 8. Bc2
Bb7 9. d3 Nc6 10. Bd2 Rb8 11. Nh3 Be7 12. Nf5 Bf6 13. Rd1 Qa5 14. a3 Rd8 15.
Bg5 Nd4 16. Nxd4 exd4 17. O-O dxc3 18. Bxf6 Nxf6 19. dxc4 Rxd1 20. Rxd1 cxb2
21. cxb5 O-O 22. a4 Re8 23. Ng5 h6 24. h4 hxg5 25. hxg5 Bxe4 26. Bxe4 Rxe4 27.
gxf6 Re1+ 28. Kh2 Rxd1 29. Qxd1 Qc7+ 0-1

[Event "Velka cena Tabora"]
[Site "?"]
[Date "2018.08.02"]
[Round "6.46"]
[White "Kral, Ladislav"]
[Black "Veverkova, Dorota"]
[Result "1-0"]
[WhiteElo "1500"]
[BlackElo "1277"]
[PlyCount "49"]
[EventDate "2018.??.??"]

1. e4 c5 2. Nf3 d6 3. d4 cxd4 4. Nxd4 Nf6 5. Nc3 g6 6. Be2 Bg7 7. Be3 O-O 8.
O-O Nc6 9. f4 Bd7 10. Bf3 Rc8 11. Nxc6 Bxc6 12. g4 Qd7 13. Bxa7 Rfd8 14. g5 Ne8
15. Bg4 e6 16. f5 exf5 17. exf5 Qc7 18. f6 Bf8 19. Bxc8 Qxc8 20. Nd5 Qh3 21. c4
Nc7 22. Qf3 Qh4 23. Qf4 Qh3 24. Rf3 Qd7 25. Qh4 1-0

[Event "Velka cena Tabora"]
[Site "?"]
[Date "2018.08.02"]
[Round "6.47"]
[White "Dofek, Tomas"]
[Black "Sindelka, Vladimir"]
[Result "0-1"]
[WhiteElo "1158"]
[BlackElo "1489"]
[PlyCount "82"]
[EventDate "2018.??.??"]

1. e4 e6 2. d4 c6 3. Nf3 d5 4. e5 h6 5. Bd3 b6 6. O-O Ba6 7. Be3 Bxd3 8. Qxd3
Ne7 9. c3 Nf5 10. Nbd2 Qd7 11. Nb3 Nxe3 12. Qxe3 a5 13. Rfe1 a4 14. Nc1 c5 15.
Nd3 c4 16. Nf4 Be7 17. Nh3 Qd8 18. Qd2 Nd7 19. Qc2 b5 20. a3 Nf8 21. Re3 g5 22.
Nd2 Ng6 23. Kh1 g4 24. Ng1 Bg5 25. Re2 Nf4 26. Ree1 Nd3 27. Rf1 Bxd2 28. Qxd2
Qg5 29. Qe2 h5 30. g3 h4 31. Rad1 Qf5 32. Rd2 Ke7 33. f4 hxg3 34. Qg2 Rxh2+ 35.
Qxh2 gxh2 36. Kxh2 Rh8+ 37. Kg2 Qe4+ 38. Kg3 Qg6 39. Re2 Qh5 40. Rd2 Qh4+ 41.
Kg2 Qh2# 0-1

[Event "Velka cena Tabora"]
[Site "?"]
[Date "2018.08.02"]
[Round "6.48"]
[White "Tipplova, Adela"]
[Black "Vojta, Ladislav"]
[Result "0-1"]
[WhiteElo "1117"]
[BlackElo "1468"]
[PlyCount "104"]
[EventDate "2018.??.??"]

1. e4 e5 2. f4 Nc6 3. Nf3 d6 4. h3 a6 5. Nc3 Nf6 6. a4 Be7 7. Bc4 h6 8. d3 O-O
9. O-O exf4 10. Bxf4 Be6 11. Ba2 Bxa2 12. Rxa2 Qd7 13. d4 Nh5 14. Qd2 f5 15.
Be3 f4 16. Bf2 g5 17. e5 dxe5 18. dxe5 Qxd2 19. Nxd2 Nxe5 20. Re1 Bd6 21. Raa1
Rae8 22. Rad1 Nc6 23. Nc4 Rxe1+ 24. Rxe1 Bb4 25. Ne5 Re8 26. Nxc6 Rxe1+ 27.
Bxe1 bxc6 28. Kf2 Nf6 29. Na2 Bc5+ 30. Ke2 Nd5 31. b4 Bd6 32. c4 Ne3 33. b5
cxb5 34. cxb5 axb5 35. a5 Nd5 36. a6 Nb6 37. Kd3 c5 38. Ba5 Na8 39. Nc3 Bc7 40.
Bxc7 Nxc7 41. a7 b4 42. Nb5 Na8 43. Kc4 h5 44. Kb3 g4 45. h4 f3 46. Kc4 fxg2
47. Kxc5 g1=Q+ 48. Kxb4 Qb6 49. Kc4 g3 50. Kb4 g2 51. Kc4 g1=R 52. Kb4 Rg4+ 0-1

[Event "Velka cena Tabora"]
[Site "?"]
[Date "2018.08.02"]
[Round "6.49"]
[White "Handlovsky, Jachym"]
[Black "Vojtek, Pavel"]
[Result "1/2-1/2"]
[WhiteElo "1225"]
[BlackElo "1212"]
[PlyCount "69"]
[EventDate "2018.??.??"]

1. e4 e6 2. Nf3 d5 3. exd5 exd5 4. d4 Nf6 5. Nc3 Bb4 6. Bd2 O-O 7. Be2 Nc6 8.
O-O Bxc3 9. bxc3 Ne4 10. Bd3 Nxd2 11. Qxd2 Bg4 12. Qf4 Bxf3 13. Qxf3 Qd7 14.
Rab1 b6 15. h4 Rfe8 16. h5 h6 17. Bf5 Qd6 18. Rfe1 Rad8 19. Re3 Kf8 20. Rbe1
Ne7 21. Qe2 Qf6 22. a4 Qxf5 23. Rxe7 Qc8 24. Kf1 Rxe7 25. Qxe7+ Kg8 26. g4 Qd7
27. Qe3 Qxa4 28. g5 hxg5 29. Qxg5 Rd6 30. Re7 Qc6 31. Qf5 Rf6 32. Qc8+ Kh7 33.
Re8 Kh6 34. Re5 Kh7 35. Re8 1/2-1/2

[Event "Velka cena Tabora"]
[Site "?"]
[Date "2018.08.02"]
[Round "6.50"]
[White "Postl, Frantisek"]
[Black "Ruta, Vit"]
[Result "0-1"]
[WhiteElo "1000"]
[BlackElo "1384"]
[PlyCount "82"]
[EventDate "2018.??.??"]

1. e4 e5 2. Nf3 Nc6 3. d4 exd4 4. Nxd4 Bc5 5. Nb3 Bb6 6. Nc3 d6 7. Bc4 Be6 8.
Qe2 Ne5 9. Bxe6 fxe6 10. Bd2 Nf6 11. O-O-O Qd7 12. Rhf1 O-O-O 13. f4 Nf7 14.
Be3 e5 15. Bxb6 axb6 16. f5 Ng5 17. Qc4 Qc6 18. Qb4 Ngxe4 19. Nxe4 Nxe4 20.
Rde1 Nc5 21. Nxc5 Qxc5 22. Qa4 Qa5 23. Qb3 Rde8 24. Rd1 Rhf8 25. g4 b5 26. g5
Qa4 27. Qxa4 bxa4 28. f6 gxf6 29. gxf6 Rf7 30. Rf5 Kd7 31. Rdf1 Ke6 32. Rh5
Rxf6 33. Rxf6+ Kxf6 34. Rxh7 Re7 35. Rh6+ Kg5 36. Rh8 b5 37. b4 c6 38. a3 d5
39. h4+ Kg6 40. h5+ Kg7 41. h6+ Kxh8 0-1

[Event "Velka cena Tabora"]
[Site "?"]
[Date "2018.08.04"]
[Round "8.41"]
[White "Kratochvil, Milos"]
[Black "Trcka, Bohdan"]
[Result "1/2-1/2"]
[WhiteElo "1000"]
[BlackElo "1564"]
[PlyCount "73"]
[EventDate "2018.??.??"]

1. d4 e6 2. c4 c6 3. Nc3 d5 4. e3 a5 5. Nf3 Be7 6. Bd3 h5 7. Bd2 g5 8. Qc2 Nd7
9. h3 Nb6 10. b3 Bf6 11. c5 Nd7 12. e4 Nf8 13. e5 g4 14. hxg4 hxg4 15. Rxh8
Bxh8 16. Ng5 f5 17. exf6 Bxf6 18. Nh7 Bxd4 19. Bg5 Qc7 20. O-O-O Bxc3 21. Qxc3
Nxh7 22. Bg6+ Kf8 23. Bd2 Qg7 24. Bxh7 Qxh7 25. Qg3 Nf6 26. Qf4 Qf5 27. Qd6+
Kf7 28. Qd8 e5 29. Bh6 Qb1+ 30. Kd2 Qxa2+ 31. Ke1 Kg6 32. Qe7 Kxh6 33. Qxf6+
Kh7 34. Qf7+ Kh6 35. Qf6+ Kh7 36. Qf7+ Kh6 37. Qf6+ 1/2-1/2